00492nam a2200157 a 450000100100000000500170001000800410002704000250006808200150009310000360010824500380014426000420018230000170022450000310024150000620027200001331820200929163208.0091123s1992 dr 000 0 spa d aDO-SdBNPbspacBNPHU axxxbP515d1 aPeynado, Jacinto B.d1941- 200410aDiscursos /cJancinto B. Peynado. aSanto Domingo :bAlfa y Omega,c1992. av. ;c24 cm. aLa bibliteca posee el v. 1 aIncluye datos biográficos del autor en la contraportada